Los últimos profetas: Ageo, Zacarías, Malaquías y algunos otros
Saved in:
| Main Author: | |
|---|---|
| Format: | Book |
| Language: | Spanish |
| Published: |
Pamplona
Verbo Divino
1996
|
| Series: | Cuadernos Bíblicos, 90
|
| Subjects: | |
| Tags: |
Add Tag
No Tags, Be the first to tag this record!
|
MARC
| LEADER | 00000nam a2200000 a 4500 | ||
|---|---|---|---|
| 001 | UCS5890 | ||
| 003 | CL-VaPUC | ||
| 008 | 970906e19960000SP |||||||||||||||||spa|d | ||
| 082 | 0 | 4 | |a 224 |b AMS |2 21 |
| 100 | 0 | |a Amsler, Samuel |e author |9 391441 | |
| 245 | 1 | 4 | |a Los últimos profetas: Ageo, Zacarías, Malaquías y algunos otros |
| 300 | |a 64 p | ||
| 942 | |c BK | ||
| 945 | |d 19970906 00:00:00 |a aalvarez | ||
| 260 | |a Pamplona |b Verbo Divino |c 1996 | ||
| 650 | 0 | |a Profetas |9 314377 | |
| 650 | 0 | |a Antiguo testamento |9 313678 | |
| 583 | |a last modification |c 20130402 05:39:35 |k Rodrigo Vera | ||
| 490 | 0 | |a Cuadernos Bíblicos, 90 | |
| 999 | |c 262021 |d 262019 | ||
| 952 | |0 0 |1 0 |4 0 |6 224_000000000000000_AMS_1996 |7 0 |8 A |9 290173 |a BIBTEO |b BIBTEO |d 2019-11-19 |i 334214K |o 224 AMS 1996 |p 334214K |r 2025-01-17 |w 2019-11-19 |y BK |k ICR | ||